000 00553nam a2200205Ia 4500
003 OSt
005 20251015193420.0
008 210423s2017 xx 000 0 und d
040 _cAL
041 _aEnglish
082 _a361.4
_bKIRS
100 _aKiran Urwa
_9119389
245 _aSelf help group
_b: different faces
260 _aMangaluru
_bMahima Publishers
_c2017
300 _aii,98
_bPB
365 _b100
_cINR
650 _aSocial Problems & Social Welfare
_9119390
906 _adifferent ; faces ; group: ; help ; Self
942 _2ddc
_cBK
999 _c176560
_d176560